Państwa najbliżej Islandii - Statystyki

Ogólne statystyki
  • Ten quiz został rozwiązany 9 razy
  • Średni wynik to 3 z 20
Statystyki odpowiedzi
Hint Odpowiedź % Poprawnych
285km Dania
43%
1965km Polska
43%
1795km Kanada
29%
2021km Łotwa
29%
973km Norwegia
29%
786km Wielka Brytania
29%
1771km Francja
14%
1071km Irlandia
14%
2099km Litwa
14%
1647km Niemcy
14%
2134km Rosja
14%
1777km Belgia
0%
2200km Czechy
0%
1945km Estonia
0%
1487km Finlandia
0%
2287km Hiszpania
0%
1662km Holandia
0%
1989km Luksemburg
0%
2286km Szwajcaria
0%
1237km Szwecja
0%
Nie znaleziono quizów pasujących do podanych kryteriów
Rozkład punktacji
Procent ludzi z każdym wynikiem
Percentyl według liczby udzielonych odpowiedzi
Twoja historia wyników
Nie rozwiązałeś tego quizu